Actors who worked with Rob Zombie - Statistics

General Stats
  • This quiz has been taken 5 times
  • The average score is 12 of 50
Answer Stats
Film(s) Answer % Correct
House of 1000 Corpses, The Devil's Rejects, Halloween (2007), The Haunted World of El Superbeasto, 3 from Hell Bill Moseley
100%
Halloween (2007), Halloween II Brad Dourif
100%
House of 1000 Corpses, The Devil's Rejects, Halloween (2007), Halloween II, The Haunted World of El Superbeasto, The Lords of Salem, 31, 3 from Hell, The Munsters Sheri Moon Zombie
100%
The Devil's Rejects, Halloween (2007), Halloween II Tyler Mane
100%
Halloween (2007), Halloween II Danielle Harris
67%
The Devil's Rejects, Halloween (2007), The Haunted World of El Superbeasto, 3 from Hell Danny Trejo
67%
Halloween (2007), 31 Lew Temple
67%
Halloween (2007), Halloween II Scout Taylor-Compton
67%
House of 1000 Corpses, The Devil's Rejects, Halloween (2007), The Haunted World of El Superbeasto, The Lords of Salem, 3 from Hell Sid Haig
67%
House of 1000 Corpses Walton Goggins
67%
The Devil's Rejects, Halloween (2007), Halloween II, The Haunted World of El Superbeasto, 31, 3 from Hell, The Munsters Daniel Roebuck
33%
Halloween (2007), The Haunted World of El Superbeasto, The Lords of Salem, 3 from Hell, The Munsters Dee Wallace
33%
Halloween II, The Lords of Salem, 31, 3 from Hell, The Munsters Jeff Daniel Phillips
33%
House of 1000 Corpses Karen Black
33%
Halloween (2007), Halloween II, 31 Malcolm McDowell
33%
The Lords of Salem, 31 Meg Foster
33%
The Haunted World of El Superbeasto Paul Giamatti
33%
House of 1000 Corpses Rainn Wilson
33%
Halloween II, 31, 3 from Hell, The Munsters Richard Brake
33%
The Haunted World of El Superbeasto Rosario Dawson
33%
The Haunted World of El Superbeasto Tom Kenny
33%
Halloween (2007), The Lords of Salem Udo Kier
33%
3 from Hell Barry Bostwick
0%
The Devil's Rejects, The Haunted World of El Superbeasto Brian Posehn
0%
The Haunted World of El Superbeasto, The Munsters Cassandra Peterson
0%
The Munsters Catherine Schell
0%
House of 1000 Corpses Chris Hardwick
0%
The Lords of Salem Christopher Knight
0%
The Haunted World of El Superbeasto, The Lords of Salem Clint Howard
0%
31, 3 from Hell David Ury
0%
The Haunted World of El Superbeasto Debra Wilson
0%
The Haunted World of El Superbeasto Dee Bradley Baker
0%
The Devil's Rejects, 31 E. G. Daily
0%
3 from Hell Emilio Rivera
0%
The Devil's Rejects, 31 Ginger Lynn
0%
The Haunted World of El Superbeasto Jeff Bennett
0%
The Haunted World of El Superbeasto John DiMaggio
0%
The Munsters Jorge Garcia
0%
The Lords of Salem, 31 Judy Geeson
0%
The Haunted World of El Superbeasto Kevin Michael Richardson
0%
31 Lawrence Hilton Jacobs
0%
Halloween II Margot Kidder
0%
Halloween II Mark Boone Junior
0%
Halloween II Octavia Spencer
0%
The Lords of Salem Patricia Quinn
0%
The Haunted World of El Superbeasto Rob Paulsen
0%
3 from Hell Steven Michael Quezada
0%
The Munsters Sylvester McCoy
0%
The Haunted World of El Superbeasto, 3 from Hell Tom Papa
0%
The Lords of Salem, 31 Torsten Voges
0%
No matching quizzes found
Score Distribution
Percent of People with Each Score
Percentile by Number Answered
Your Score History
You have not taken this quiz